Factores personales y sociales de la integración laboral de las personas con discapacidad (es): estudio cualitativo
সংরক্ষণ করুন:
| সংস্থা লেখক: | |
|---|---|
| বিন্যাস: | গ্রন্থ |
| ভাষা: | স্প্যানিশ |
| প্রকাশিত: |
Madrid
Real Patronato de Prevención
1996
|
| বিষয়গুলি: | |
| ট্যাগগুলো: |
ট্যাগ যুক্ত করুন
কোনো ট্যাগ নেই, প্রথমজন হিসাবে ট্যাগ করুন!
|
MARC
| LEADER | 00000nam a2200000 a 4500 | ||
|---|---|---|---|
| 001 | UCP9544 | ||
| 003 | CL-VaPUC | ||
| 008 | 000331e19960000SP |||||||||||||||||spa|d | ||
| 082 | 0 | 4 | |a 371.9 |b CAL |2 21 |
| 110 | 2 | |a Caleidoscopia. Investigación Social S.L |e author |9 440171 | |
| 245 | 1 | 0 | |a Factores personales y sociales de la integración laboral de las personas con discapacidad (es): estudio cualitativo |
| 300 | |a 368 p | ||
| 942 | |c BK | ||
| 945 | |d 20000331 00:00:00 |a rbrito | ||
| 260 | |a Madrid |b Real Patronato de Prevención |c 1996 | ||
| 650 | 0 | |a Educación especial |9 307486 | |
| 650 | 7 | |a IMPEDIDOS FISICAMENTE |2 CL-VaPUC |9 307526 | |
| 650 | 7 | |a TRABAJADORES IMPEDIDOS |2 CL-VaPUC |9 440172 | |
| 650 | 7 | |a INTEGRACION LABORAL |2 CL-VaPUC |9 440173 | |
| 650 | 0 | |a Trabajadores |9 260887 | |
| 583 | |a last modification |c 20000331 00:00:00 |k Rodrigo Vera | ||
| 999 | |c 286350 |d 286348 | ||
| 952 | |0 0 |1 0 |4 0 |6 371_900000000000000_CAL_1996 |7 0 |8 A |9 332131 |a BIBEDU |b BIBEDU |d 2019-11-20 |i 3600629 |o 371.9 CAL 1996 |p 3600629 |r 2019-11-20 |w 2019-11-20 |y BK |k BME | ||